00593nam a22001577a 4500020001600000040001600016082001500032100003200047245013500079260003500214300002700249650002300276942001300299999001900312952010400331 qHard Cover. cSINES-NUST. 2570.2aSAR aMian Talha Sarfraz.9104091 aMachine Learning Models for the Prediction of Ejection Fraction of left Ventricle in Coronary Heart Disease /cSarfraz, Mian Talha aIslamabad:bSINES-NUST,c2022. a95 p. :bill .;c35cm. xMS-Bioinformatics. 2ddccTHE c592588d592588 00102ddc4070aRCMSbRCMScTHEd2022-12-05l0o570.2 SARpRCMS003359r2022-12-05w2022-12-05yREF